[Event "Charlotte Spring GMA 2024"]
[Site "Charlotte"]
[Date "2024.03.31"]
[Round "8"]
[White "Wang, Tianqi"]
[Black "Cordova, Emilio"]
[Result "1/2-1/2"]
[WhiteElo "2344"]
[BlackElo "2551"]
[PlyCount "150"]
[EventDate "2024.03.27"]
[EventType "tourn"]
[EventRounds "9"]
[EventCountry "USA"]
[EventCategory "6"]
[SourceTitle "CB14_2024"]
[SourceDate "2024.04.01"]
[SourceVersion "1"]
[SourceVersionDate "2024.04.01"]
[SourceQuality "1"]

1. e4 c5 2. Nf3 a6 3. c3 e6 4. d4 d5 5. exd5 exd5 6. Bd3 Nc6 7. 0-0 c4 8. Re1+ Be7 9. Bc2 Nf6 10. Nbd2 0-0 11. Nf1 Bd6 12. Bg5 h6 13. Bh4 Bg4 14. Ne3 Be6 15. Nf5 Bxf5 16. Bxf5 g5 17. Bg3 Bxg3 18. hxg3 Ne8 19. Nh2 Ng7 20. Qf3 Ne7 21. g4 Qd6 22. Nf1 Rad8 23. Ne3 Qf4 24. Qh3 Nexf5 25. gxf5 h5 26. g3 Qf3 27. Qg2 Qxg2+ 28. Kxg2 f6 29. b3 b5 30. a4 Rfe8 31. axb5 axb5 32. bxc4 bxc4 33. Reb1 Rxe3 34. fxe3 Nxf5 35. Ra7 Nxe3+ 36. Kf3 Nf5 37. g4 Nh4+ 38. Kg3 Re8 39. Rbb7 Re3+ 40. Kf2 Re8 41. Rg7+ Kh8 42. Rh7+ Kg8 43. Rag7+ Kf8 44. gxh5 Nf5 45. Rg6 Re4 46. Rxf6+ Kg8 47. Rxf5 Kxh7 48. Rxg5 Rh4 49. Kg3 Rh1 50. Rxd5 Rc1 51. Rc5 Rxc3+ 52. Kf4 Rh3 53. Rxc4 Rxh5 54. Rc5 Rh4+ 55. Ke3 Kg6 56. Re5 Kf6 57. Kd3 Rh8 58. Re4 Rd8 59. Re1 Kf5 60. Re5+ Kf6 61. Kc4 Rc8+ 62. Rc5 Rd8 63. Rc6+ Ke7 64. Kc5 Ra8 65. Rc7+ Kd8 66. Rh7 Ra5+ 67. Kc6 Ra6+ 68. Kb5 Ra1 69. d5 Rc1 70. Kb6 Rc2 71. Rh6 Kd7 72. Rc6 Rb2+ 73. Kc5 Rc2+ 74. Kd4 Rxc6 75. dxc6+ Kxc6 1/2-1/2

[Event "Charlotte Spring GMA 2024"]
[Site "Charlotte"]
[Date "2024.03.29"]
[Round "4"]
[White "Wang, Tianqi"]
[Black "Levine, Joseph1"]
[Result "0-1"]
[WhiteElo "2344"]
[BlackElo "2372"]
[PlyCount "140"]
[EventDate "2024.03.27"]
[EventType "tourn"]
[EventRounds "9"]
[EventCountry "USA"]
[EventCategory "6"]
[SourceTitle "CB14_2024"]
[SourceDate "2024.04.01"]
[SourceVersion "1"]
[SourceVersionDate "2024.04.01"]
[SourceQuality "1"]

1. e4 e6 2. d3 d5 3. Nd2 Nf6 4. Ngf3 c5 5. g3 Nc6 6. Bg2 Be7 7. 0-0 b6 8. Re1 Bb7 9. exd5 Nxd5 10. Nb3 0-0 11. d4 cxd4 12. Nfxd4 Nxd4 13. Nxd4 Qc8 14. Qe2 Bf6 15. Rd1 Rd8 16. c3 Rd7 17. a3 h6 18. Nc2 Qc7 19. Qg4 Kf8 20. Be3 Rad8 21. Bd4 Qc4 22. Bf1 Qb3 23. Bd3 e5 24. Bf5 exd4 25. Nxd4 Bxd4 26. Bxd7 Bc5 27. Rd2 Nf6 28. Qf4 Be7 29. Qc7 Bd5 30. Bf5 g6 31. Re1 Re8 32. Bd3 Be6 33. Rde2 Bc5 34. Qc6 Qd5 35. Qxd5 Bxd5 36. Rxe8+ Nxe8 37. b4 Be7 38. c4 Be6 39. Rc1 Nc7 40. c5 bxc5 41. bxc5 Bd5 42. Bc4 Be4 43. a4 Bc6 44. Bb5 Bxb5 45. axb5 Nxb5 46. Rb1 a6 47. c6 Bd6 48. Ra1 Nc7 49. Rb1 Ke7 50. Re1+ Ne6 51. Rd1 Nc5 52. Rd5 Ne6 53. h4 h5 54. Kg2 Bc7 55. Kf3 a5 56. Rd7+ Kf6 57. Ke2 a4 58. Kd1 a3 59. Kc1 Bb6 60. f3 Bc7 61. g4 Bg3 62. gxh5 gxh5 63. Kb1 Bxh4 64. c7 Nxc7 65. Rxc7 Bg3 66. Ra7 h4 67. Rxa3 h3 68. Kc2 h2 69. Ra1 Bf2 70. Rh1 Bg1 0-1

[Event "Austin AGCA GM"]
[Site "Austin"]
[Date "2024.01.14"]
[Round "6"]
[White "Kunka, Harshid"]
[Black "Wang, Tianqi"]
[Result "1-0"]
[WhiteElo "2283"]
[BlackElo "2367"]
[PlyCount "95"]
[EventDate "2024.01.11"]
[EventType "tourn"]
[EventRounds "9"]
[EventCountry "USA"]
[EventCategory "7"]
[SourceTitle "CB04_2024"]
[SourceDate "2023.10.16"]
[SourceVersion "1"]
[SourceVersionDate "2023.10.16"]
[SourceQuality "1"]

1. e4 Nf6 2. e5 Nd5 3. d4 d6 4. Nf3 g6 5. Be2 Bg7 6. 0-0 0-0 7. c4 Nb6 8. exd6 cxd6 9. Nc3 Nc6 10. Be3 Bg4 11. b3 d5 12. c5 Nc8 13. Rc1 Bxf3 14. Bxf3 e6 15. Qd2 N8e7 16. Ne2 Nf5 17. b4 a6 18. a4 Nh4 19. Bg4 e5 20. b5 axb5 21. axb5 Nxd4 22. Nxd4 exd4 23. Bg5 Bf6 24. Bf4 h5 25. Be2 Nf5 26. Bd3 Ng7 27. c6 bxc6 28. Rxc6 Ne6 29. b6 Qe8 30. Rfc1 Nxf4 31. Qxf4 Be5 32. Qg5 Bg7 33. Qxd5 Qe5 34. Qb3 Qg5 35. Bxg6 Be5 36. Bd3 Kg7 37. g3 h4 38. Qd5 hxg3 39. hxg3 Ra3 40. Qe4 Re8 41. Qh7+ Kf8 42. Rc8 Rxc8 43. Rxc8+ Ke7 44. Qe4 Kf6 45. Rc6+ Kg7 46. Rc5 Kf6 47. b7 Rb3 48. Bb5 1-0

[Event "Austin AGCA GM"]
[Site "Austin"]
[Date "2024.01.13"]
[Round "4"]
[White "Narayanan, Samrug"]
[Black "Wang, Tianqi"]
[Result "1-0"]
[WhiteElo "2288"]
[BlackElo "2367"]
[PlyCount "213"]
[EventDate "2024.01.11"]
[EventType "tourn"]
[EventRounds "9"]
[EventCountry "USA"]
[EventCategory "7"]
[SourceTitle "CB04_2024"]
[SourceDate "2023.10.16"]
[SourceVersion "1"]
[SourceVersionDate "2023.10.16"]
[SourceQuality "1"]

1. e4 d6 2. d4 Nf6 3. Nc3 e5 4. Nge2 Be7 5. g3 0-0 6. Bg2 c6 7. a4 a5 8. 0-0 Na6 9. h3 Nb4 10. Be3 d5 11. dxe5 Nxe4 12. Nxe4 dxe4 13. Qxd8 Bxd8 14. Bxe4 Bxh3 15. Rfe1 f5 16. exf6 Bxf6 17. Nf4 Rfe8 18. Bd2 Bg4 19. Bxb4 axb4 20. f3 Bd7 21. Rad1 Red8 22. b3 Be8 23. Ne6 Rdc8 24. Kg2 Bf7 25. Nc5 Rc7 26. Rd3 Ra5 27. Nd7 Bc3 28. Red1 g6 29. Nb6 Be6 30. Rd8+ Kg7 31. Re8 Bf7 32. Rc8 Rxc8 33. Nxc8 b5 34. axb5 cxb5 35. Rd7 Kf8 36. Nd6 Bg8 37. Rb7 Ra2 38. Nxb5 Bf6 39. Kf1 Ra1+ 40. Ke2 Rg1 41. Kf2 Rd1 42. f4 g5 43. Ke2 Rg1 44. Nd6 Be6 45. f5 Bg8 46. Rb8+ Ke7 47. Nb5 Bf7 48. Kf2 Rd1 49. g4 h5 50. Bf3 Rd2+ 51. Ke3 Rxc2 52. gxh5 Bxb3 53. h6 Rh2 54. h7 Be5 55. Rb7+ Kf6 56. Nd4 Bxd4+ 57. Kxd4 Bf7 58. Rxb4 Rxh7 59. Rb6+ Kg7 60. f6+ Kh6 61. Rb2 Bh5 62. Rh2 g4 63. Bxg4 Kg6 64. Bxh5+ Kxf6 65. Rf2+ Kg5 66. Bf3 Rf7 67. Rg2+ Kf6 68. Bd5 Re7 69. Rf2+ Kg7 70. Rf1 Kg6 71. Be4+ Kg7 72. Rg1+ Kf6 73. Rg6+ Kf7 74. Ra6 Kg7 75. Ke3 Rf7 76. Rg6+ Kh8 77. Kd4 Re7 78. Kd5 Re8 79. Bf5 Rg8 80. Re6 Rg1 81. Re7 Kg8 82. Ra7 Re1 83. Be6+ Kh8 84. Rf7 Rh1 85. Ke5 Rh6 86. Rf8+ Kh7 87. Kf5 Rg6 88. Ra8 Rg7 89. Kf6 Rg6+ 90. Ke5 Kg7 91. Ra7+ Kh8 92. Bf5 Rh6 93. Kf4 Kg8 94. Kg5 Rb6 95. Bg6 Rb8 96. Bf7+ Kg7 97. Be6+ Kf8 98. Rh7 Rb1 99. Kf6 Rf1+ 100. Bf5 Rg1 101. Ra7 Re1 102. Rb7 Re2 103. Rc7 Re1 104. Rh7 Rg1 105. Rf7+ Kg8 106. Rc7 Kh8 107. Rc2 1-0

[Event "Chesterfield SPICE Cup op"]
[Site "Chesterfield"]
[Date "2023.12.21"]
[Round "8"]
[White "Wang, Tianqi"]
[Black "Wang, Justin"]
[Result "1/2-1/2"]
[WhiteElo "2347"]
[BlackElo "2512"]
[PlyCount "119"]
[EventDate "2023.12.17"]
[EventType "swiss"]
[EventRounds "9"]
[EventCountry "USA"]
[SourceTitle "CB52_2023"]
[SourceDate "2023.12.27"]
[SourceVersion "1"]
[SourceVersionDate "2023.12.27"]
[SourceQuality "1"]

1. c4 e6 2. g3 d5 3. Bg2 dxc4 4. Qa4+ Nd7 5. Qxc4 a6 6. Qc2 Ngf6 7. Nf3 c5 8. Nc3 Qc7 9. d4 b5 10. Bf4 Qa7 11. d5 Nxd5 12. Nxd5 exd5 13. a4 b4 14. Nh4 Nf6 15. 0-0 Be6 16. Nf5 Rd8 17. Rfd1 Qd7 18. e4 d4 19. Bf1 b3 20. Qd3 Ra8 21. Be5 Ng4 22. Bxg7 Rg8 23. Bxf8 Kxf8 24. Bg2 Rg6 25. Nh4 Rg7 26. Nf3 Qa7 27. h3 Nf6 28. Rac1 Nd7 29. a5 Rg6 30. Nh4 Ne5 31. Qe2 Rg7 32. Kh2 Re8 33. Qh5 f6 34. Bf1 c4 35. Qh6 Kf7 36. Qd2 d3 37. Bg2 Kg8 38. f4 Nd7 39. Re1 Qc5 40. Re3 Qd6 41. Rce1 Kh8 42. Nf3 Reg8 43. Nh4 Qd4 44. Nf3 Qc5 45. Nh4 Qh5 46. Qc3 Nc5 47. Nf5 Qf7 48. Nxg7 Qxg7 49. Qd4 Qe7 50. f5 Rd8 51. Qc3 d2 52. fxe6 dxe1Q 53. Rxe1 Qxe6 54. Rc1 Nd3 55. Qxc4 Qxc4 56. Rxc4 Rb8 57. Rc6 Nxb2 58. Rb6 Re8 59. Rxb3 Nc4 60. Rf3 1/2-1/2

[Event "Chesterfield SPICE Cup op"]
[Site "Chesterfield"]
[Date "2023.12.21"]
[Round "7"]
[White "Woodward, Andy"]
[Black "Wang, Tianqi"]
[Result "1-0"]
[WhiteElo "2481"]
[BlackElo "2347"]
[PlyCount "41"]
[EventDate "2023.12.17"]
[EventType "swiss"]
[EventRounds "9"]
[EventCountry "USA"]
[SourceTitle "CB52_2023"]
[SourceDate "2023.12.27"]
[SourceVersion "1"]
[SourceVersionDate "2023.12.27"]
[SourceQuality "1"]

1. d4 d5 2. c4 c6 3. cxd5 cxd5 4. Nc3 Nf6 5. Bf4 Nc6 6. e3 a6 7. Be2 Bf5 8. Nf3 e6 9. Qb3 Ra7 10. 0-0 Bd6 11. Bxd6 Qxd6 12. Rfc1 0-0 13. Na4 Bg4 14. Nc5 Bxf3 15. Bxf3 b6 16. Nd3 Nd7 17. Rc3 Rc7 18. Rac1 Rfc8 19. Qa3 Qxa3 20. bxa3 f5 21. Nf4 1-0

[Event "Chesterfield SPICE Cup op"]
[Site "Chesterfield"]
[Date "2023.12.19"]
[Round "4"]
[White "Bora, Safal"]
[Black "Wang, Tianqi"]
[Result "1/2-1/2"]
[WhiteElo "2460"]
[BlackElo "2347"]
[PlyCount "101"]
[EventDate "2023.12.17"]
[EventType "swiss"]
[EventRounds "9"]
[EventCountry "USA"]
[SourceTitle "CB52_2023"]
[SourceDate "2023.12.27"]
[SourceVersion "1"]
[SourceVersionDate "2023.12.27"]
[SourceQuality "1"]

1. c4 c6 2. Nf3 Nf6 3. d4 d5 4. Qc2 dxc4 5. Qxc4 Bf5 6. g3 e6 7. Bg2 h6 8. Nbd2 Nbd7 9. 0-0 Be7 10. Qb3 Qb6 11. Nc4 Qxb3 12. axb3 g5 13. h4 Ne4 14. hxg5 hxg5 15. Nfd2 Nxd2 16. Bxd2 a6 17. Rfc1 Bh3 18. Bf3 0-0-0 19. Ba5 Rdf8 20. e4 Kb8 21. d5 exd5 22. exd5 cxd5 23. Bxd5 f6 24. Re1 Rh7 25. Rad1 Bc5 26. Rd2 f5 27. Be6 Nf6 28. b4 Ba7 29. Red1 b6 30. Bxb6 Bxb6 31. Nxb6 Bg4 32. Nd7+ Nxd7 33. Rxd7 Rxd7 34. Rxd7 Rf6 35. Bd5 Rb6 36. f3 Bh3 37. Rh7 g4 38. Kf2 Rxb4 39. b3 Rd4 40. Bc4 Rd2+ 41. Ke3 Rg2 42. Kf4 Rf2 43. Bd5 Bg2 44. Kxf5 Bxf3 45. Bxf3 Rxf3+ 46. Kxg4 Rxb3 47. Kf4 Rb4+ 48. Kf5 Rb5+ 49. Kf4 Rb4+ 50. Kf5 Rb5+ 51. Kf4 1/2-1/2

[Event "Chesterfield SPICE Cup op"]
[Site "Chesterfield"]
[Date "2023.12.18"]
[Round "3"]
[White "Nyzhnyk, Illya"]
[Black "Wang, Tianqi"]
[Result "0-1"]
[WhiteElo "2611"]
[BlackElo "2347"]
[PlyCount "49"]
[EventDate "2023.12.17"]
[EventType "swiss"]
[EventRounds "9"]
[EventCountry "USA"]
[SourceTitle "CB52_2023"]
[SourceDate "2023.12.27"]
[SourceVersion "1"]
[SourceVersionDate "2023.12.27"]
[SourceQuality "1"]

1. d4 d5 2. c4 e6 3. Nc3 Be7 4. Nf3 Nf6 5. Qc2 0-0 6. Bg5 h6 7. h4 Nbd7 8. e3 c5 9. 0-0-0 dxc4 10. Bxc4 Qa5 11. d5 Nb6 12. d6 Bxd6 13. Bxf6 gxf6 14. Ne4 Be7 15. g4 Nxc4 16. Qxc4 b5 17. Qc2 Qxa2 18. g5 f5 19. Nf6+ Bxf6 20. gxf6 Bb7 21. Rhg1+ Kh8 22. Ne5 Be4 23. Qxe4 fxe4 24. Rg7 Qa5 25. f3 0-1

[Event "Charlotte CCCSA Fall GM-B"]
[Site "Charlotte"]
[Date "2023.11.20"]
[Round "7"]
[White "Wang, Tianqi"]
[Black "Gedajlovic, Max"]
[Result "1/2-1/2"]
[WhiteElo "2350"]
[BlackElo "2407"]
[PlyCount "149"]
[EventDate "2023.11.17"]
[EventType "tourn"]
[EventRounds "9"]
[EventCountry "USA"]
[EventCategory "8"]
[SourceTitle "CB48_2023"]
[SourceDate "2023.11.29"]
[SourceVersion "1"]
[SourceVersionDate "2023.11.29"]
[SourceQuality "1"]

1. c4 e6 2. g3 d5 3. Bg2 Nf6 4. Nf3 Be7 5. 0-0 0-0 6. b3 d4 7. e3 c5 8. Ne5 Nfd7 9. exd4 cxd4 10. Nxd7 Qxd7 11. d3 Nc6 12. f4 b6 13. Nd2 Bb7 14. a3 a5 15. Nf3 f5 16. Re1 Bf6 17. Bd2 Rfe8 18. b4 Ne7 19. Qb3 Rab8 20. b5 Ng6 21. Re2 Kh8 22. Rae1 Re7 23. a4 Rbe8 24. Qa3 h6 25. c5 bxc5 26. Qxc5 Qd8 27. b6 Qd7 28. Qxa5 Ra8 29. Qb5 Rxa4 30. Qxd7 Rxd7 31. Rxe6 Ra2 32. R1e2 Rb2 33. Be1 Rb3 34. Nd2 Rxd3 35. Bxb7 Rxb7 36. Nc4 Rb3 37. Na5 R7xb6 38. Nxb3 Rxb3 39. Bf2 h5 40. h4 Kh7 41. Rd2 Nh8 42. Kg2 Rb4 43. Rc2 Nf7 44. Rc7 Kg6 45. Rd7 Rb2 46. Kf1 Rb1+ 47. Re1 Rb3 48. Re6 Rb1+ 49. Be1 Nh6 50. Rxd4 Kf7 51. Rdd6 Ng4 52. Re2 Bc3 53. Rde6 Nf6 54. Re7+ Kg6 55. Kg2 Bxe1 56. Rxe1 Rb3 57. R1e6 Rb2+ 58. Kh3 Ra2 59. Rb7 Rc2 60. Reb6 Ra2 61. Rb2 Ra3 62. Kg2 Rc3 63. R7b3 Rc1 64. Ra2 Rc7 65. Rb5 Rc3 66. Raa5 Rc2+ 67. Kf3 Rc3+ 68. Ke2 Ne4 69. Rxf5 Nxg3+ 70. Kd2 Nxf5 71. Kxc3 Nxh4 72. Rg5+ Kf6 73. Rxh5 Ng6 74. Rg5 Nxf4 75. Rxg7 1/2-1/2

[Event "Texas Collegiate Finals"]
[Site "Brownsville"]
[Date "2023.09.17"]
[Round "4.4"]
[White "Daggupati, Balaji"]
[Black "Wang, Tianqi"]
[Result "1/2-1/2"]
[WhiteElo "2501"]
[BlackElo "2339"]
[PlyCount "54"]
[EventDate "2023.09.16"]
[EventType "team-tourn"]
[EventRounds "4"]
[EventCountry "USA"]
[SourceTitle "EXT 2024"]
[Source "ChessBase"]
[SourceDate "2023.10.10"]
[SourceVersion "1"]
[SourceVersionDate "2023.10.10"]
[SourceQuality "1"]
[WhiteTeam "Texas Dallas Univ"]
[BlackTeam "Texas Rio Grande Valley Univ II"]
[WhiteTeamCountry "USA"]
[BlackTeamCountry "USA"]

1. e4 c5 2. Nf3 Nc6 3. Bb5 g6 4. c3 Bg7 5. d4 Qb6 6. Bxc6 bxc6 7. 0-0 Ba6 8. Re1 Nf6 9. b3 cxd4 10. cxd4 d6 11. Nc3 0-0 12. Bb2 Rfd8 13. Qc2 Rac8 14. Rad1 Qa5 15. e5 Nd5 16. Ne4 c5 17. dxc5 dxc5 18. a3 Nf4 19. Rxd8+ Qxd8 20. Rd1 Qc7 21. Rd2 Bb7 22. Qc4 Ne6 23. Nfg5 Nxg5 24. Nxg5 e6 25. Qh4 h6 26. Ne4 Bxe4 27. Qxe4 Rd8 1/2-1/2

[Event "Toronto Excelsior GM 06"]
[Site "Toronto"]
[Date "2023.06.20"]
[Round "3"]
[White "Nagy, Gabor"]
[Black "Wang, Tianqi"]
[Result "1/2-1/2"]
[WhiteElo "2468"]
[BlackElo "2361"]
[PlyCount "41"]
[EventDate "2023.06.19"]
[EventType "tourn"]
[EventRounds "9"]
[EventCountry "CAN"]
[EventCategory "5"]
[SourceTitle "CBM 215 Extra"]
[Source "ChessBase"]
[SourceDate "2023.09.30"]
[SourceVersion "1"]
[SourceVersionDate "2023.09.30"]
[SourceQuality "1"]

1. c4 c6 2. Nf3 d5 3. e3 Nf6 4. Nc3 a6 5. b3 Bf5 6. Be2 h6 7. Ba3 Nbd7 8. 0-0 e6 9. Bxf8 Nxf8 10. b4 N8d7 11. Qb3 0-0 12. a4 Bg6 13. Rfc1 Qe7 14. h3 Rfc8 15. d4 dxc4 16. Bxc4 e5 17. Bf1 exd4 18. Nxd4 Ne5 19. Rd1 c5 20. bxc5 Rxc5 21. Nce2 1/2-1/2

[Event "Saint Louis 1000 GM 01"]
[Site "Saint Louis"]
[Date "2023.01.27"]
[Round "5.1"]
[White "Kavutskiy, Konstantin"]
[Black "Wang, Tianqi"]
[Result "1-0"]
[WhiteElo "2393"]
[BlackElo "2398"]
[PlyCount "111"]
[EventDate "2023.01.25"]
[EventType "schev"]
[EventRounds "9"]
[EventCountry "USA"]
[SourceTitle "CBM 212 Extra"]
[Source "ChessBase"]
[SourceDate "2023.03.31"]
[SourceVersion "1"]
[SourceVersionDate "2023.03.31"]
[SourceQuality "1"]
[WhiteTeam "Team D"]
[BlackTeam "Team B"]
[WhiteTeamCountry "USA"]
[BlackTeamCountry "USA"]

1. d4 f5 2. g3 Nf6 3. Bg2 e6 4. c4 d5 5. Qc2 Bd6 6. Nh3 0-0 7. 0-0 c6 8. Nd2 a5 9. Nf3 Ne4 10. Nf4 Be7 11. Ne5 Nd6 12. Bd2 Bf6 13. b3 Nf7 14. Bc3 Qd6 15. Nfd3 Nd7 16. f4 Bd8 17. a4 Nf6 18. b4 Ne4 19. c5 Qe7 20. b5 Nxe5 21. Nxe5 Nxc3 22. Qxc3 Bd7 23. Rab1 cxb5 24. axb5 b6 25. Bf3 Bc7 26. c6 Be8 27. Kh1 a4 28. g4 Bxe5 29. dxe5 fxg4 30. Bxg4 Bg6 31. Qb4 Kf7 32. f5 Qxb4 33. Rxb4 Ke7 34. Ra1 exf5 35. Bf3 a3 36. Bxd5 Ra7 37. Rb3 Rfa8 38. Ra2 Bf7 39. e6 Bh5 40. Rc3 Be8 41. Kg1 Kd6 42. Rd2 Ke7 43. Ba2 Ra5 44. Rd5 g6 45. Rcd3 R5a7 46. Re3 Rd8 47. Rxd8 Kxd8 48. Rd3+ Ke7 49. Kf2 f4 50. h4 h6 51. Kf3 g5 52. hxg5 hxg5 53. Kg4 Kf6 54. Rd5 f3 55. Rf5+ Ke7 56. exf3 1-0

[Event "Saint Louis 1000 GM 01"]
[Site "Saint Louis"]
[Date "2023.01.26"]
[Round "2.2"]
[White "Ostrovskiy, Aleksandr A"]
[Black "Wang, Tianqi"]
[Result "1/2-1/2"]
[WhiteElo "2393"]
[BlackElo "2398"]
[PlyCount "86"]
[EventDate "2023.01.25"]
[EventType "schev"]
[EventRounds "9"]
[EventCountry "USA"]
[SourceTitle "CBM 212 Extra"]
[Source "ChessBase"]
[SourceDate "2023.03.31"]
[SourceVersion "1"]
[SourceVersionDate "2023.03.31"]
[SourceQuality "1"]
[WhiteTeam "Team D"]
[BlackTeam "Team B"]
[WhiteTeamCountry "USA"]
[BlackTeamCountry "USA"]

1. e4 c5 2. Nf3 Nc6 3. Bb5 g6 4. Bxc6 dxc6 5. d3 Bg7 6. h3 Nf6 7. Nc3 Nd7 8. Be3 e5 9. 0-0 b6 10. Qd2 h6 11. Nh2 Nf8 12. f4 exf4 13. Bxf4 Ne6 14. Be3 Nd4 15. Rae1 Be6 16. Kh1 Qd7 17. Ne2 Nxe2 18. Rxe2 0-0-0 19. b3 f5 20. exf5 Bxf5 21. Bf4 Rhe8 22. Rfe1 Rxe2 23. Rxe2 Re8 24. Nf3 g5 25. Rxe8+ Qxe8 26. Be5 Bf8 27. Bg3 Kb7 28. Qf2 Be6 29. Qe3 Bg7 30. Qe4 Qf7 31. Qe2 g4 32. hxg4 Bxg4 33. Qe4 Bf5 34. Qf4 Be6 35. Qxf7+ Bxf7 36. Kg1 a5 37. Kf1 b5 38. Ke2 c4 39. dxc4 bxc4 40. Ne5 cxb3 41. axb3 Bd5 42. Nf3 Be4 43. Ne1 Bc3 1/2-1/2

[Event "Robert Byrne Memorial GM"]
[Site "Naperville"]
[Date "2023.01.18"]
[Round "1"]
[White "Wang, Tianqi"]
[Black "Mardov, Dimitar"]
[Result "0-1"]
[WhiteElo "2398"]
[BlackElo "2435"]
[PlyCount "96"]
[EventDate "2023.01.18"]
[EventType "tourn"]
[EventRounds "9"]
[EventCountry "USA"]
[EventCategory "7"]
[SourceTitle "CBM 212 Extra"]
[Source "ChessBase"]
[SourceDate "2023.03.31"]
[SourceVersion "1"]
[SourceVersionDate "2023.03.31"]
[SourceQuality "1"]

1. e4 e5 2. Nf3 Nc6 3. Bb5 g6 4. d4 exd4 5. Bg5 Be7 6. Bxe7 Qxe7 7. 0-0 Qb4 8. Bxc6 dxc6 9. Qxd4 Qxd4 10. Nxd4 Ne7 11. Nd2 Bd7 12. Rfd1 0-0-0 13. Nc4 c5 14. Nb3 b6 15. Ne3 Nc6 16. Nd5 Be6 17. Nf4 Bxb3 18. cxb3 Nd4 19. f3 Rd7 20. Kf2 Rhd8 21. Rd3 g5 22. Nd5 Ne6 23. Rdd1 Nf4 24. g3 Nxd5 25. Rxd5 Rxd5 26. exd5 Rxd5 27. Ke2 Kd7 28. Rh1 Rd4 29. h4 gxh4 30. g4 h5 31. gxh5 Ke6 32. h6 Kf6 33. Ke3 Kg6 34. h7 Kxh7 35. f4 Rd6 36. Rxh4+ Rh6 37. Rxh6+ Kxh6 38. Ke4 Kg7 39. Kf5 Kf8 40. Kf6 c6 41. a3 Ke8 42. a4 a5 43. Kg7 Ke7 44. Kg8 b5 45. Kg7 Ke6 46. f5+ Kxf5 47. Kxf7 bxa4 48. bxa4 c4 0-1

[Event "Pan American Intercollegiate-chT"]
[Site "Seattle"]
[Date "2023.01.08"]
[Round "6"]
[White "Wang, Tianqi"]
[Black "Gledura, Benjamin"]
[Result "1/2-1/2"]
[WhiteElo "2398"]
[BlackElo "2639"]
[PlyCount "48"]
[EventDate "2023.01.05"]
[EventType "team-swiss"]
[EventRounds "6"]
[EventCountry "USA"]
[SourceTitle "CBM 212 Extra"]
[Source "ChessBase"]
[SourceDate "2023.03.31"]
[SourceVersion "1"]
[SourceVersionDate "2023.03.31"]
[SourceQuality "1"]
[WhiteTeam "Texas Rio Grande Valley Univ II"]
[BlackTeam "Webster Univ"]
[WhiteTeamCountry "USA"]
[BlackTeamCountry "USA"]

1. e4 c5 2. c3 Nf6 3. e5 Nd5 4. Nf3 e6 5. d4 cxd4 6. cxd4 d6 7. Bc4 Be7 8. 0-0 0-0 9. Qe2 Nd7 10. Rd1 N7b6 11. Bb3 Bd7 12. exd6 Bxd6 13. Nc3 Rc8 14. Nxd5 Nxd5 15. Ne5 Be8 16. Qg4 f5 17. Qe2 Qf6 18. Bxd5 exd5 19. Qf3 f4 20. Qxd5+ Kh8 21. f3 Rd8 22. Bd2 Bc7 23. Qc4 Bb6 24. Bb4 Bf7 1/2-1/2

[Event "Hollywood Masters op"]
[Site "Los Angeles"]
[Date "2022.10.29"]
[Round "7"]
[White "Wang, Tianqi"]
[Black "Kunka, Harshid"]
[Result "0-1"]
[WhiteElo "2431"]
[BlackElo "2236"]
[PlyCount "98"]
[EventDate "2022.10.26"]
[EventType "swiss"]
[EventRounds "9"]
[EventCountry "USA"]
[SourceTitle "EXT 2024"]
[Source "ChessBase"]
[SourceDate "2023.10.10"]
[SourceVersion "1"]
[SourceVersionDate "2023.10.10"]
[SourceQuality "1"]

1. e4 c6 2. d3 d5 3. Nd2 e5 4. Ngf3 Nd7 5. Qe2 Bd6 6. g3 Ngf6 7. Bg2 0-0 8. 0-0 Re8 9. b3 b5 10. a3 Bb7 11. Bb2 Qc7 12. h3 a5 13. Rfc1 Nc5 14. Nh4 dxe4 15. dxe4 Rad8 16. Nf5 Bf8 17. Rd1 g6 18. Ne3 Bg7 19. Qe1 h5 20. h4 Ne6 21. a4 Nd4 22. f3 Nd7 23. Ndf1 b4 24. Qf2 Nc5 25. Nc4 Nce6 26. Rab1 c5 27. Ba1 f5 28. exf5 gxf5 29. c3 bxc3 30. Bxc3 Ra8 31. Nh2 e4 32. f4 Nf3+ 33. Bxf3 Bxc3 34. Bxh5 Re7 35. Nf1 Rg7 36. Kh2 Bd4 37. Nfe3 Kh8 38. Rg1 Rag8 39. Be2 Rh7 40. Kh3 Bc8 41. Kh2 Ba6 42. Rg2 Rgg7 43. Kh1 Qb8 44. Qf1 Nxf4 45. Nxf5 Nxg2 46. Kxg2 Rg6 47. g4 e3 48. Kh3 Bc8 49. h5 Rxh5+ 0-1

[Event "Texas Collegiate Super Finals"]
[Site "Richardson"]
[Date "2022.10.22"]
[Round "1"]
[White "Wang, Tianqi"]
[Black "Bortolussi, Francesco"]
[Result "1-0"]
[WhiteElo "2431"]
[BlackElo "1758"]
[PlyCount "77"]
[EventDate "2022.10.22"]
[EventType "swiss"]
[EventRounds "4"]
[EventCountry "USA"]
[SourceTitle "EXT 2024"]
[Source "ChessBase"]
[SourceDate "2023.10.10"]
[SourceVersion "1"]
[SourceVersionDate "2023.10.10"]
[SourceQuality "1"]

1. b3 Nf6 2. Bb2 d5 3. d3 Bf5 4. Nd2 e6 5. g3 Be7 6. Bg2 c6 7. e4 Bg4 8. f3 Bh5 9. Nh3 0-0 10. Nf4 Bg6 11. 0-0 Nbd7 12. e5 Ne8 13. h4 h6 14. Nxg6 fxg6 15. f4 Nc7 16. Nf3 c5 17. Qe2 Rb8 18. Bh3 Nb6 19. c4 g5 20. fxg5 hxg5 21. h5 g4 22. Bxg4 Bg5 23. Kh1 d4 24. Qe4 Nd7 25. Rae1 b6 26. Qg6 Be3 27. Bxe6+ Nxe6 28. Qxe6+ Kh8 29. Kg2 Re8 30. Qf5 Rf8 31. Qe4 Qe8 32. Nh4 Rxf1 33. Rxf1 Qe6 34. Nf5 Qxe5 35. Nxe3 Qxe4+ 36. dxe4 dxe3 37. Rf7 Rf8 38. Bxg7+ Kg8 39. Rxf8+ 1-0

[Event "Saint Louis 1000 IM 2nd"]
[Site "Saint Louis"]
[Date "2022.09.24"]
[Round "6"]
[White "Wang, Tianqi"]
[Black "Tsolakidou, Stavroula"]
[Result "1/2-1/2"]
[WhiteElo "2424"]
[BlackElo "2400"]
[PlyCount "48"]
[EventDate "2022.09.21"]
[EventType "tourn"]
[EventRounds "9"]
[EventCountry "USA"]
[EventCategory "2"]
[SourceTitle "CBM 210 Extra"]
[Source "ChessBase"]
[SourceDate "2022.11.30"]
[SourceVersion "1"]
[SourceVersionDate "2022.11.30"]
[SourceQuality "1"]

1. e4 e5 2. Nf3 Nc6 3. Nc3 Nf6 4. d4 exd4 5. Nxd4 Nxe4 6. Nxe4 Qe7 7. Bd3 Nxd4 8. 0-0 Ne6 9. Re1 d5 10. Ng5 h6 11. Qh5 hxg5 12. Qxh8 Bd7 13. Qh3 0-0-0 14. Bf5 Qf6 15. Bxe6 Bxe6 16. Qe3 Bd6 17. Qxg5 Bxh2+ 18. Kf1 Bd6 19. Qxf6 gxf6 20. Be3 c5 21. c3 Kd7 22. Rad1 Rg8 23. Rd2 Kc6 24. Red1 b6 1/2-1/2